Программирование задач контроля и управления на языке Ассемблер для микро- ЭВМ Электроника-60: учебное пособие

Manylion Llyfryddiaeth
Prif Awdur: Цапко Г. П. Геннадий Павлович
Awdur Corfforaethol: Томский политехнический институт
Iaith:Rwseg
Cyhoeddwyd: Томск, Изд-во ТПИ, 1986
Pynciau:
Fformat: Llyfr
KOHA link:https://koha.lib.tpu.ru/cgi-bin/koha/opac-detail.pl?biblionumber=77311

MARC

LEADER 00000nam0a2200000 4500
001 77311
005 20260414101455.0
035 |a (RuTPU)RU\TPU\book\82894 
090 |a 77311 
100 |a 20050518d1986 m y0rusy50 ca 
101 0 |a rus 
102 |a RU 
105 |a a j 000zy 
200 1 |a Программирование задач контроля и управления на языке Ассемблер для микро- ЭВМ Электроника-60  |e учебное пособие  |f Г. П. Цапко  |g Томский политехнический институт 
210 |a Томск  |c Изд-во ТПИ  |d 1986 
215 |a 95 с.  |c ил. 
610 1 |a программирование 
610 1 |a учебные пособия 
610 1 |a контроль 
610 1 |a управление 
610 1 |a электронно-вычислительная техника 
610 1 |a ЭВМ 
610 1 |a языки программирования 
610 1 |a Ассемблер 
610 1 |a микро-ЭВМ 
675 |a 681.3.06(075.8)  |v 3 
700 1 |a Цапко  |b Г. П.  |c специалист в области автоматики и компьютерных систем  |c профессор Томского политехнического университета, доктор технических наук  |f 1949-  |g Геннадий Павлович  |3 (RuTPU)RU\TPU\pers\22020  |9 9317 
712 0 2 |a Томский политехнический институт  |3 (RuTPU)RU\TPU\col\1123 
801 1 |a RU  |b 63413507  |c 20050518  |g PSBO 
801 2 |a RU  |b 63413507  |c 20160127  |g PSBO 
942 |c BK